| 000 | 00897nam a2200253 a 4500 | ||
|---|---|---|---|
| 001 | 000023410 | ||
| 005 | 20200930022211.0 | ||
| 008 | 101206s1996 ve r 000 m spa d | ||
| 020 | _a9800109676 | ||
| 040 |
_aDO-SdBNP _bspa _cBNPHU |
||
| 082 |
_a921.8 _bR831 |
||
| 245 | 0 | 0 |
_aAlejandro Rossi : _bAnte la crítica / _cselección, prólogo y notas de Adolfo Castañón. |
| 260 |
_aVenezuela : _bMonte Ávila, _c1996. |
||
| 300 |
_a217, [6] p. ; _c20 cm. |
||
| 490 | 1 | _aMonte Ávila Editores Latinoamericana | |
| 504 | _aIncluye referencias bibliográficas y notas al pie de las páginas. | ||
| 610 | 1 | 4 |
_aROSSI, ALEJANDRO, _y1932-2009 _948230 |
| 650 | 4 |
_aFilósofos _9809 |
|
| 650 | 4 |
_aFilosofía venezolana _948231 |
|
| 700 | 1 |
_aRossi, Alejandro, _d1932-2009 _948232 |
|
| 700 | 1 |
_aCastañón, Adolfo, _epról. _927667 |
|
| 830 | 0 |
_aMonte Ávila Editores Latinoamericana _948233 |
|
| 049 | _aBNGR | ||
| 999 |
_c22907 _d22907 |
||